Central Library OPAC University of Rajshahi

The unremarkable Wordsworth / (Record no. 62635)

MARC details
000 -LEADER
fixed length control field 00841nam a2200277 a 4500
001 - CONTROL NUMBER
control field 62635
003 - CONTROL NUMBER IDENTIFIER
rucl marc code BD-RjUL
005 - DATE AND TIME OF LATEST TRANSACTION
control field 20211209081115.0
008 - FIXED-LENGTH DATA ELEMENTS--GENERAL INFORMATION
fixed length control field 170124s1987 enka 000 0 eng d
020 ## - INTERNATIONAL STANDARD BOOK NUMBER
International Standard Book Number 0416051421 pbk
International Standard Book Number 0416051324
035 ## - SYSTEM CONTROL NUMBER
System control number BD-RjUL62761
040 ## - CATALOGING SOURCE
Original cataloging agency BD-RjUL
Language of cataloging eng
Transcribing agency BD-RjUL
041 ## - LANGUAGE CODE
Language code of text/sound track or separate title eng
082 ## - DEWEY DECIMAL CLASSIFICATION NUMBER
Classification number 821.7
Edition number 19
Author mark and year HAU 1987
100 1# - MAIN ENTRY--PERSONAL NAME
Personal name Hartman, Geoffrey H.
9 (RLIN) 186202
245 14 - TITLE STATEMENT
Title The unremarkable Wordsworth /
Statement of responsibility, etc. Geoffrey H. Hartman ; foreword by Donald G. Marshall
260 ## - PUBLICATION, DISTRIBUTION, ETC. (IMPRINT)
Place of publication, distribution, etc. London :
Name of publisher, distributor, etc. Methuen,
Date of publication, distribution, etc. 1987
300 ## - PHYSICAL DESCRIPTION
Pagination xxix, 247 p :
Illustrations ill ;
Size 23 cm
504 ## - BIBLIOGRAPHY, ETC. NOTE
Bibliography, etc Includes index
600 10 - SUBJECT ADDED ENTRY--PERSONAL NAME
Personal name Wordsworth, William,
Dates associated with a name 1770-1850
General subdivision Criticism and interpretation.
830 #0 - SERIES ADDED ENTRY--UNIFORM TITLE
Uniform title University paperbacks ;
Volume number/sequential designation 965
942 ## - ADDED ENTRY ELEMENTS (KOHA)
Source of classification or shelving scheme Dewey Decimal Classification
Koha item type Books
Holdings
Lost status Source of classification or shelving scheme Damaged status Not for loan Collection code Permanent Location Current Location Shelving location Date acquired Source of acquisition Total Checkouts Full call number Date last seen Copy number Koha item type Cost, normal purchase price
  Dewey Decimal Classification   Not For Loan Non-fiction Central Library, University of Rajshahi Central Library, University of Rajshahi Reading Room 06/09/2008 RUCL   821.7 HAU 1987 24/01/2017 C-1 Books  
  Dewey Decimal Classification   Not For Loan Non-fiction Central Library, University of Rajshahi Central Library, University of Rajshahi Reading Room 24/09/1991 Abacus, London.   821.7 HAU 1987 25/01/2017 C-2 Books 10.99